000 00449nam a2200157 4500
001 135821
003 ES-MaACL
005 20230906194950.0
007 t|
008 070214s1907 fr r ||||1| fre d
100 1 _aRousseau, Charles.
_9100054
245 1 0 _aRègne de Charles III d'Espagne
_b: (1759-1788) /
_cCharles Rousseau.
260 _aParis :
_bPlon Nourrit et Cie.,
_c1907.
300 _a2 v. ;
_c22 cm.
852 _aES-MaACL
_jF-5429-5430
999 _c135821
_d135821